| 000 | 01362nam0a22003371 4500 | ||
|---|---|---|---|
| 001 | v19\rc\1858056 | ||
| 005 | 20251118180142.2 | ||
| 035 | _a(NLR Aleph) 004951993 | ||
| 090 |
_a5892491 _c5892491 |
||
| 100 | _a20080221d1909 u y0rusy50 ca | ||
| 101 | 0 | _arus | |
| 102 | _aRU | ||
| 105 | _aa z ||||| | ||
| 200 | 1 |
_aОсада Свято-Троицкие Сергиевы лавры польскими и литовскими войсками под предводительством Лисовского и Сапеги _e(По поводу исполнившегося трехсотлетия снятия осады 1610-1910) |
|
| 210 |
_cСвято-Троицкая Сергиева лавра, собств. тип. _d1909 |
||
| 215 |
_a62 с. _cил. _d17 |
||
| 702 | 1 |
_4570 _7ca _8rus _aСапега _bЛ. И. _f1557-1633 _gЛев Иванович _9208417 _3RU\NLR\AUTH\770208471 |
|
| 702 | 1 |
_aЛисовский _bЛ.И. _f1557-1633 _gЛев Иванович _4570 |
|
| 712 | 0 | 2 | _aТроице-Сергиевская лавра |
| 801 | 0 |
_aRU _bNLR _gpsbo |
|
| 801 | 0 |
_aRU _bRuMoRGB _2psbo |
|
| 801 | 1 |
_aRU _bProSoft-M _2rusmarc |
|
| 852 |
_aNLR _j18.279.8.122 |
||
| 899 |
_aRuMoRGB _jW 525/1398 |
||
| 899 |
_aRuMoRGB _jW 525/1397 |
||
| 899 | _aБАН | ||
| 899 | _aНБ СПбГУ | ||
| 899 | _aГПИБ | ||
| 942 | _cBOOK | ||
| 980 | _aNB | ||